000 01103nam a22003377a 4500
003 CHAP
005 20220817042210.0
008 971013s1971 r 00010 d
010 _a37455
011 _a38427
035 _a42547
040 _cCHAP
082 _a333.72
_bO8
100 0 0 _aOwen, Oliver S.
_984428
245 _aNatural resources conservation ; an ecological approach
260 _aNew York :
_bMacmillan,
_c1971
300 _a593 p.
_b: ilus.
590 _aBATCH-UPD
_b10
_c20130110
_lUCH01
_h0112
590 _aBATCH-UPD
_b10
_c20130110
_lUCH01
_h0904
590 _aBATCH-UPD
_b10
_c20130410
_lUCH01
_h0532
590 _aBATCH-UPD
_b10
_c20130913
_lUCH01
_h2328
590 _aCONVERSION
_b10
_c20130109
_lUCH01
_h1321
650 1 4 _aAgua
_xContaminación.
_92351
650 1 4 _aAire
_xContaminación.
_93138
650 1 4 _aEcología.
_935134
650 1 4 _aRecursos naturales
_xConservación.
901 _aBK
942 _cLIBRO
949 _a333.72 O8
_bBC
_cLIBRO
_d-97935
_eLIBRO
_fc.2
_h28757
_i42547
_si
_t140.00
949 _a333.72 O8
_bBC
_cLIBRO
_d33724000356507
_eLIBRO
_h18007
_i42547
_si
_t140.00
999 _c37455
_d37455